Flags of Countries that border Russia - Sudden Death - Statistics

General Stats
  • This quiz has been taken 37 times
  • The average score is 8 of 14
Answers on the Grid
Answers color-coded by a green-red scale on the quiz's grid according to % correct below.
 
Answer Stats
Answer % Correct
70%
70%
70%
70%
65%
60%
60%
60%
60%
55%
50%
45%
40%
35%
No matching quizzes found
Score Distribution
Percent of People with Each Score
Percentile by Number Answered
Your Score History
You have not taken this quiz